000 01512nam0a22003371 4500
001 v19\rc\1715005
005 20250619035048.0
035 _a(NLR Aleph) 004813948
090 _a4954907
_c4954907
100 _a20061002d1900 |||y0rusy50 ca
101 0 _arus
102 _aRU
105 _aa z |||||
200 1 _aК вопросу о прогоркании жиров в присутствии скипидара
_eДис. на степ. д-ра мед. Н.А. Иванова
_fИз Фармацевт. лаб. проф. Ст.А. Пржибытека
210 _aСанкт-Петербург
_cтип. "Север"
_d1900
215 _a111 с., 2 л. табл.
_d22
225 1 _aСерия докторских диссертаций, допущенных к защите в Императорской Военно-медицинской академии в 1900-01 учебном году
_v№ 17
700 1 _7ca
_8rus
_aИванов
_bН. А.
_cд-р медицины, гигиенист
_f1870-1943
_gНиколай Александрович
_9268592
_3RU\NLR\AUTH\770268648
702 1 _aПржибытек
_bС. А.
_f1852-
_gСтанислав Александрович
_4570
801 0 _aRU
_bNLR
_gpsbo
801 0 _aRU
_bRuMoRGB
_2psbo
801 1 _aRU
_bProSoft-M
_2rusmarc
852 _aNLR
_j20.49.2.244
852 _aNLR
_j51/937
899 _aRuMoRGB
_jT 1/451
899 _aRuMoRGB
_jT 57/303
899 _aБАН
899 _aНБ СПбГУ
942 _cBOOK
980 _aNB